Sido - Versager (lyrics) - Statistiken

Allgemein
  • Dieses Quiz wurde 60 mal gespielt
  • Das Durchschnittsergebnis liegt bei 253 aus 398
Antwortstatistiken
Antwort % Korrekt
Ich
95%
ich
95%
Versager
95%
mich
93%
'n
93%
'ne
93%
Nenn
91%
nenn
91%
da
89%
nicht
89%
mein
86%
Mein
86%
nur
84%
So
84%
so
84%
der
82%
Der
82%
du
82%
nennt
82%
Vater
82%
bin
80%
bin's
80%
das
77%
das,
77%
er
77%
ma'
77%
es
75%
Wie
75%
wie
75%
an
73%
an,
73%
in
73%
sie
73%
war,
73%
war
73%
zu
73%
Papa
70%
Papa,
70%
Und
70%
und
70%
dass
68%
den
68%
ab
66%
Ab
66%
ab,
66%
eine
66%
Hab
66%
hab
66%
hab'n
66%
für
64%
lass
64%
Mach,
64%
mach
64%
niemand
64%
alleine
61%
Hast
61%
hast"
61%
hast
61%
im
61%
macht,
61%
macht
61%
mir
61%
Schon
61%
von
61%
was
61%
gewohnt,
59%
Hat
59%
hat
59%
okay,
59%
ja
57%
Ja,
57%
Mal
57%
Mama
57%
man
57%
Nacht
57%
wach
57%
kein
55%
Last,
55%
noch
55%
Ast
52%
befrei
52%
"Danke,
52%
dich
52%
dir
52%
gehabt
52%
gehabt,
52%
gemacht
52%
gemacht,
52%
Knast,
52%
sagt:
52%
viel
52%
gedacht,
50%
gedacht
50%
Meiner
50%
mit
50%
Mit
50%
niemals
50%
wieder
50%
zum
50%
Andre
48%
andre
48%
auf'n
48%
Basteln
48%
gefragt,
48%
jetzt
48%
krank
48%
meinen
48%
Therapeut
48%
werd
48%
dieses
45%
doch
45%
erinnert,
45%
gepackt
45%
lachen
45%
Papas
45%
Saft
45%
Schachtel
45%
tut
45%
angeln,
43%
Blut
43%
fackel
43%
haut
43%
heute
43%
Heute
43%
Kasten
43%
Obwohl
43%
schafft,
43%
Spast
43%
weh
43%
Bastard
41%
dann
41%
gewöhnlich
41%
hatt
41%
rufst
41%
Ven'n
41%
Zeit
41%
Cut,
39%
gerne
39%
hebst
39%
Interesse
39%
krass
39%
Lieber
39%
mehr
39%
wollte
39%
aus
36%
diesen
36%
Machst
36%
reich,
36%
schwör,
36%
seinem
36%
eh
34%
geschafft
34%
nochma'
34%
Wahrscheinlich
34%
wohl
34%
zack
34%
Deswegen
32%
gehasst
32%
hoff,
32%
jeden
32%
Jungen
32%
Klasse
32%
kleinen
32%
Monster
32%
acht,
30%
fuck
30%
gelacht
30%
konnte
30%
laufen,
30%
oft
30%
wahnsinnig
30%
hatte
27%
jeder
27%
kratzt
27%
papperlapapp,
27%
scheißegal,
27%
tough
27%
Darum
25%
deinem
25%
geseh'n,
25%
jap
25%
keinen
25%
Loser
25%
passt
23%
Platz
23%
unter
23%
Dach
20%
natürlich
20%
Keine übereinstimmenden Quizze gefunden
Verteilung der Resultate
Anzahl Personen mit jedem Resultat
Perzentil nach korrekt beantworteten Fragen
Ihre Resultats-Entwicklung
Sie haben dieses Quiz noch nicht gespielt